书目信息 |
| 题名: |
现代大学图书馆使用指南
|
|
| 作者: | 李健 , 张德书 主编 | |
| 分册: | ||
| 出版信息: | 北京 北京图书馆出版社 2000 |
|
| 页数: | 207页 | |
| 开本: | 20cm | |
| 丛书名: | ||
| 单 册: | ||
| 中图分类: | G258.6 | |
| 科图分类: | ||
| 主题词: | 图书馆工作 , 院校图书馆--图书馆工作--基本知识 , 院校图书馆 | |
| 电子资源: | ||
| ISBN: | 7-5013-1255-9 | |
| 000 | 00919nam0 2200265 45 | |
| 001 | 012000058810 | |
| 005 | 20070726174700.87 | |
| 010 | @a7-5013-1255-9@dCNY10.80 | |
| 035 | @a(011001)c2000034216 | |
| 100 | @a20001216d2000 em y0chiy0120 ea | |
| 101 | 0 | @achi |
| 102 | @aCN@b110000 | |
| 105 | @ay z 000yy | |
| 200 | 1 | @a现代大学图书馆使用指南@9xian dai da xue tu shu guan shi yong zhi nan@f李健,张德书主编@Fli jian,zhang de shu zhu bian |
| 210 | @a北京@c北京图书馆出版社@d2000 | |
| 215 | @a207页@d20cm | |
| 330 | @a本书主要介绍了图书馆自动化,馆藏文献的组织与目录,图书馆的服务内容,馆藏文献的借阅方法,文献信息的积累,文献检索的途径与方法等内容。 | |
| 606 | 0 | @a图书馆工作 |
| 606 | 0 | @a院校图书馆@x图书馆工作@x基本知识 |
| 606 | 0 | @a院校图书馆 |
| 690 | @aG258.6@v4 | |
| 701 | 0 | @a李健@Ali jian@4主编 |
| 701 | 0 | @a张德书@Azhang de shu@4主编 |
| 801 | 0 | @aCN@bTSSF@c20070726 |
| 905 | @a10447@dG258.6@e16 | |
| 现代大学图书馆使用指南/李健,张德书主编.-北京:北京图书馆出版社,2000 |
| 207页;20cm |
| ISBN 7-5013-1255-9:CNY10.80 |
| 本书主要介绍了图书馆自动化,馆藏文献的组织与目录,图书馆的服务内容,馆藏文献的借阅方法,文献信息的积累,文献检索的途径与方法等内容。 |
| ● |
| 相关链接 |
|
|
|
|
正题名:现代大学图书馆使用指南
索取号:G258.6/16
 
预约/预借
| 序号 | 登录号 | 条形码 | 馆藏地/架位号 | 状态 | 备注 |
| 1 | 0337815 | 203378157 | 第一样本阅览室/ [索取号:G258.6/16] | 在馆 | |
| 2 | 0337816 | 203378166 | 第四借阅区/ [索取号:G258.6/16] | 在馆 | |
| 3 | 0337817 | 203378175 | 第四借阅区/ [索取号:G258.6/16] | 在馆 | |
| 4 | 0783990 | 207839909 | 第四借阅区/ [索取号:G258.6/16] | 在馆 |